• 首页
  • 本馆介绍
  • 公告通知
  • 最新文献
  • 馆藏检索
  • 电子资源
  • 读者导购
  • 参考咨询
  • 我的图书馆
  • 登录
  • 详细信息显示
  • 放入我的书架
  • 预约/预借图书
  • 作者相关作品
  • 分类相关作品
  • 丛书相关作品
  • 出版社相关作品

书目信息

  • 表格格式
  • 工作单格式
  • 卡片格式
题名:
问卷调查心理测验学
    
 
作者: 利特维 著 ;周佳 , 高鹏 译
分册:  
出版信息: 北京   中国劳动社会保障出版社  2004
页数: 95页
开本: 26cm
丛书名: 调研工具箱丛书
单 册:
中图分类: C3
科图分类:
主题词: 问卷--调查方法--心理测验 , 调查方法 , 社会科学--研究方法
电子资源:
ISBN: 7-5045-4391-8
000 01027oam2 2200313 450
001 060000009142
005 20051223095927.87
010    @a7-5045-4391-8@dCNY9.30
092    @aCN
100    @a20040705d2004 ekmy0chiy0120 ea
101 0  @achi@ceng
102    @aCN@b110000
105    @ak az 000yy
200 1  @a问卷调查心理测验学@9wen juan diao cha xin li ce yan xue@d= How to Assess and Interpret Survey Psychometrics Tries@f(美)马克·S·利特维著@F(mei)ma ke·S·li te wei zhu@g周佳,高鹏译@zeng
210    @a北京@c中国劳动社会保障出版社@d2004
215    @a95页@d26cm
225 2  @a调研工具箱丛书@v8
320    @a有书目
461  0 @12001 @a调研工具箱丛书
510 1  @aHow to Assess and Interpret Survey Psychometrics Tries@zeng
606 0  @a问卷@x调查方法@x心理测验
606 0  @a调查方法
606 0  @a社会科学@x研究方法
690    @aC3@v4
701  0 @a利特维@Ali te wei@4著
702  0 @a周佳@9zhou jia@4译
702  0 @a高鹏@9gao peng@4译
801  0 @aCN@bCXYBOOK@c20051223
905    @a10447@dC3@e167:8
    
    问卷调查心理测验学= How to Assess and Interpret Survey Psychometrics Tries/(美)马克·S·利特维著/周佳,高鹏译.-北京:中国劳动社会保障出版社,2004
    95页;26cm.-(调研工具箱丛书;8)
    
    
    ISBN 7-5045-4391-8:CNY9.30
    
●
相关链接 在E读中查询图书 在五车中查询图书 在当当中查询图书 在豆瓣中查询图书


正题名:问卷调查心理测验学     索取号:C3/167:8         预约/预借

序号 登录号 条形码 馆藏地/架位号 状态 备注
1 0372312   203723122   第一样本阅览室/ [索取号:C3/167:8] 在馆    
2 0372313   203723131   第一借阅区/ [索取号:C3/167:8] 在馆    
3 0372314   203723140   第一借阅区/ [索取号:C3/167:8] 在馆    
4 0372315   203723159   第一借阅区/ [索取号:C3/167:8] 在馆    
5 0372316   203723168   第一借阅区/ [索取号:C3/167:8] 在馆    
6 0372317   203723177   第一借阅区/ [索取号:C3/167:8] 在馆    
唐山师范学院图书馆 欢迎您!
大连网信软件有限公司© 版权所有